MARC

LEADER 00000nam0a2200000 4500
001 284129
005 20231101235650.0
035 |a (RuTPU)RU\TPU\book\308268 
090 |a 284129 
100 |a 20150212d1984 km y0rusy50 ca 
101 0 |a rus 
102 |a RU 
105 |a a z 001zy 
200 1 |a Производственные и складские объекты в горных выработках  |f М. М. Папернов, А. Ф. Зильберборд 
205 |a 2-е изд., перераб. и доп. 
210 |a Москва  |c Стройиздат  |d 1984 
215 |a 184 с.  |c ил. 
320 |a Библиогр.: с. 180-183 (79 назв.) 
606 1 |a Подземные сооружения  |2 stltpush  |3 (RuTPU)RU\TPU\subj\49636 
606 1 |a Проходка горных выработок  |x Организация строительства  |2 stltpush  |3 (RuTPU)RU\TPU\subj\53006  |9 71360 
610 1 |a подземное пространство 
610 1 |a использование 
610 1 |a подземное строительство 
610 1 |a горные выработки 
610 1 |a производственные помещения 
610 1 |a складские помещения 
610 1 |a размещение 
610 1 |a экономическая оценка 
675 |a 624.1  |v 3 
675 |a 622.26  |v 3 
700 1 |a Папернов  |b М. М.  |g Михаил Меерович 
701 1 |a Зильберборд  |b А. Ф.  |g Анатолий Феликсович 
801 1 |a RU  |b 63413507  |c 20150212 
801 2 |a RU  |b 63413507  |c 20170302  |g RCR 
942 |c BK